| 000 | 01301nam a2200337 a 4500 | ||
|---|---|---|---|
| 001 | 000115231 | ||
| 003 | CHAP | ||
| 005 | 20220329144525.0 | ||
| 008 | 190116s2018 mx a sm |||||||spa d | ||
| 010 | _a111692 | ||
| 011 | _a112664 | ||
| 040 | _cCHAP | ||
| 090 | _aTesis | ||
| 100 | 1 |
_aSantos Consepción, Estela Martha. _9136263 |
|
| 245 | 1 | 0 |
_aControl químico de malezas de hoja ancha y angosta en el cultivo de Maíz ( Zea Mays L.) en Tuxtepec, Oaxaca / _h[En línea] _cpor Estela Martha Santos Consepción. |
| 260 |
_aChapingo, Méx. : _bEl autor, _c2018. |
||
| 500 | _aPara ver el contenido del material haga clic en la liga | ||
| 502 | _aTesis (Ing. Agr. Esp. en Parasitología Agrícola) -- UACH. Departamento de Parasitología Agrícola | ||
| 590 |
_aBATCH-UPD _b10 _c20190621 _lUCH01 _h1241 |
||
| 590 |
_aE11695DGD _b10 _c20190621 _lUCH01 _h1240 |
||
| 590 |
_aE8697GMM _b05 _c20190116 _lUCH01 _h0958 |
||
| 590 |
_aE8697GMM _b05 _c20190116 _lUCH01 _h1154 |
||
| 590 |
_aE8697GMM _b05 _c20190507 _lUCH01 _h1313 |
||
| 590 |
_aE8697GMM _b05 _c20190517 _lUCH01 _h1507 |
||
| 650 | 1 | 4 |
_aHerbicidas _xEfecto en maíz. _9134053 |
| 650 | 1 | 4 |
_aMalas hierbas _xControl. _970011 |
| 856 |
_aFinding aid _uhttp://10.13.5.2/tesis/sist115231.pdf _zTeclea aquí |
||
| 901 | _aBK | ||
| 942 | _cTESIS | ||
| 942 | _n0 | ||
| 999 |
_c111692 _d111692 |
||